• 首页
  • 本馆介绍
  • 公告通知
  • 最新文献
  • 馆藏检索
  • 电子资源
  • 读者导购
  • 参考咨询
  • 我的图书馆
  • 登录
  • 详细信息显示
  • 放入我的书架
  • 预约/预借图书
  • 作者相关作品
  • 分类相关作品
  • 丛书相关作品
  • 出版社相关作品

书目信息

  • 表格格式
  • 工作单格式
  • 卡片格式
题名:
全国注册土木工程师执业资格专业考试题库与模拟试卷
    
 
作者: 本书组编
分册:  
出版信息: 北京   中国建材工业出版社  2008.05
页数: 294页
开本: 23cm
丛书名:
单 册:
中图分类: TU471.6
科图分类:
主题词: 岩石基础--基础(工程)
电子资源:
ISBN: 978-7-80227-257-6
000 00763nam0 2200217 450
001 0835448911
005 20081215145234.11
010    @a978-7-80227-257-6@dCNY42.00
100    @a20081215d2008 km y0chiy0120 ea
101 0  @achi
102    @aCN@b110000
200 1  @a全国注册土木工程师执业资格专业考试题库与模拟试卷@Aquan guo zhu ce tu mu gong cheng shi zhi ye zi ge zhuan ye kao shi ti ku yu mo ni shi juan@e岩土工程专业@f本书组编@Fben shu zu bian
205    @a2版
210    @a北京@c中国建材工业出版社@d2008.05
215    @a294页@d23cm
300    @a全国注册执业资格考试辅导系列教材
517 1  @a岩土工程专业@Ayan tu gong cheng zhuan ye
606 0  @a岩石基础@x基础(工程)
690    @aTU471.6@v4
801  0 @aCN@bNISOFT@c20081215
905    @aBZT@dTU471.6@e1@f5
    
    全国注册土木工程师执业资格专业考试题库与模拟试卷:岩土工程专业/本书组编.-2版.-北京:中国建材工业出版社,2008.05
    294页;23cm
    全国注册执业资格考试辅导系列教材
    
    ISBN 978-7-80227-257-6:CNY42.00
    
●
相关链接 在五车中查询图书 在当当中查询图书 在豆瓣中查询图书


正题名:全国注册土木工程师执业资格专业考试题库与模拟试卷     索取号:TU471.6/1         预约/预借

序号 登录号 条形码 馆藏地/架位号 状态 备注
1 0690652   2000690652   样本书库/样004架A面3层1列/ [索取号:TU471.6/1] 在馆    
2 0690653   2000690653   中心书库中库/ 中库022架B面2列3层16/ [索取号:TU471.6/1] 在馆    
3 0690654   2000690654   中心书库中库/ 中库022架B面2列3层14/ [索取号:TU471.6/1] 在馆    
4 0690655   2000690655   中心书库中库/ 中库022架B面2列3层15/ [索取号:TU471.6/1] 在馆    
5 0690656   2000690656   中心书库中库/ 中库022架B面2列3层17/ [索取号:TU471.6/1] 在馆    
山东省滨州职业学院图书馆 欢迎您!
大连网信软件有限公司© 版权所有